00312 a2200097 4500001001000000005001700010008004100027245004500068100002100113773008000134ART_4429220260410161938.0260409a 10aDeficits, inflation, and monetary policy1 aWray, L. Randall0 tJournal of post Keynesian economicsg- Vol. 19, NÂș 4 (jun. 1997)wREV26226